000 00289nam a2200121Ia 4500
005 20251222155120.0
008 251222s9999||||xx |||||||||||||| ||spa||
082 _aMAN.152
100 _aMINSA
245 0 _aGuia del tutor, manejo de la tuberculosis Vol.9
264 _bMinsa
942 _cLIB
999 _c38386
_d38386